Diccionario de gobierno y legislación de Indias / (Record no. 8327)

MARC details
000 -LEADER
campo de control de longitud fija 01163nam a2200229 i 4500
001 - NÚMERO DE CONTROL
campo de control 8327
003 - IDENTIFICADOR DE NÚMERO DE CONTROL
campo de control ES-MaACL
005 - FECHA Y HORA DE LA ÚLTIMA TRANSACCIÓN
campo de control 20230906145432.0
007 - CAMPO FIJO DE DESCRIPCIÓN FÍSICA--INFORMACIÓN GENERAL
campo de control de longitud fija t|
008 - DATOS DE LONGITUD FIJA--INFORMACIÓN GENERAL
campo de control de longitud fija 010328m19881996sp d |||| | spa d
020 ## - NÚMERO INTERNACIONAL ESTÁNDAR DEL LIBRO
Número Internacional Estándar del Libro 84-7232-449-4
080 ## - NÚMERO DE LA CLASIFICACIÓN DECIMAL UNIVERSAL
Número de la Clasificación Decimal Universal 98(=60)"15/17"(093)
080 ## - NÚMERO DE LA CLASIFICACIÓN DECIMAL UNIVERSAL
Número de la Clasificación Decimal Universal 34(8=60)"15/17"(038)
100 1# - ENTRADA PRINCIPAL--NOMBRE DE PERSONA
Nombre de persona Ayala, Manuel José de.
9 (RLIN) 24120
245 10 - MENCIÓN DEL TÍTULO
Título Diccionario de gobierno y legislación de Indias /
Mención de responsabilidad, etc. por Manuel Josef de Ayala ; edición y estudios, Marta Milagros del Vas Mingo.
260 ## - PUBLICACIÓN, DISTRIBUCIÓN, ETC.
Lugar de publicación, distribución, etc. Madrid :
Nombre del editor, distribuidor, etc. Cultura Hispánica,
Fecha de publicación, distribución, etc. [1988-1996]
300 ## - DESCRIPCIÓN FÍSICA
Extensión 13 v. ;
Dimensiones 25 cm.
505 8# - NOTA DE CONTENIDO CON FORMATO
Nota de contenido con formato Contiene: 1. De abadía a astilleros - 2. De audiencias a cañones - 3. De capellán a comercio libre - 4. De comisarios a cuentas - 5. De cueros a encomiendas - 6. De ensayadores a funerales - 7. De gaceta a indios - 8. De indulgencias a maestres - 9. De mandas a murallas - 10. De nacimiento real a ordenes sacros - 11. De oro a preferencia - 12. De prelados a sitial - 13. De situado a Xenxibre
650 14 - PUNTO DE ACCESO ADICIONAL DE MATERIA--TÉRMINO DE MATERIA
Término de materia o nombre geográfico como elemento de entrada Derecho colonial-
Subdivisión geográfica América española-
Subdivisión general Diccionarios.
9 (RLIN) 11672
700 1# - ENTRADA AGREGADA--NOMBRE PERSONAL
Nombre de persona Vas Mingo, Marta Milagros del.
9 (RLIN) 113252
852 ## - LOCALIZACIÓN
Ubicación ES-MaACL
Número de control de estantería L-24555-67
Holdings
Estatus retirado Estado de pérdida Estado de daño No para préstamo Colección Biblioteca de origen Biblioteca actual Ubicación en estantería Fecha de adquisición Fuente de adquisición Total de préstamos Signatura topográfica completa Código de barras Visto por última vez Precio de reemplazo Tipo de ítem Koha
        Colección de referencia Biblioteca del Ateneo de Madrid Biblioteca del Ateneo de Madrid Depósito 2 17/01/2008     L-24555-67 1008501 23/02/2023 23/02/2023 Libro impreso